00335 a2200157 4500260000900000440000700009260000800016245005200024300001400076260000900090130000800099440003000107710000800137020001800145440001400163 aRome n27 bFAO aLe sorgho et les mils dans la nutrition humaine aIV-198 p. c1995 lFr. aAlimentation et nutrition aFAO a92-5-203381-5 x0253-2549